AH International Schools' Libraries

Dog Man: Big Jim Begins / (Record no. 49590)

MARC details
000 -LEADER
fixed length control field 01172nam a2200133 4500
020 ## - INTERNATIONAL STANDARD BOOK NUMBER
International Standard Book Number 978-1338896459
100 ## - MAIN ENTRY--PERSONAL NAME
Personal name Pilkey, Dav,
Relator term author.
9 (RLIN) 56311
245 ## - TITLE STATEMENT
Title Dog Man: Big Jim Begins /
Statement of responsibility, etc by Dav Pilkey.
260 ## - PUBLICATION, DISTRIBUTION, ETC. (IMPRINT)
Name of publisher, distributor, etc Graphix;
Date of publication, distribution, etc December 3, 2024.
300 ## - PHYSICAL DESCRIPTION
Extent 224 pages.
Dimensions 5.6 x 0.7 x 8.3 inches.
490 ## - SERIES STATEMENT
Series statement Dog Man;
Volume number/sequential designation 13 of 14
500 ## - GENERAL NOTE
General note In DOG MAN: BIG JIM BEGINS, discover the origin of our beloved characters from the Dog Man series as they join forces to stop the Space Cuties from destroying the city. Will the past predict the future for Dog Man and his friends? Will goodness and bravery prevail? Can anything happen if you truly believe?<br/><br/>Get ready for another unforgettable book in the #1 worldwide bestselling series from acclaimed graphic novelist and award-winning illustrator Dav Pilkey. AND coming soon, the Dog Man movie from DreamWorks Animation and Universal Pictures!<br/><br/>For more heartfelt and humorous adventures, join Flippy and Li'l Petey in the Cat Kid Comic Club series. Have fun with creativity with the official coloring book, Dog Man with Love. And don't forget about the series that started it all: Captain Underpants!
942 ## - ADDED ENTRY ELEMENTS (KOHA)
Source of classification or shelving scheme
Koha item type Book
Holdings
Withdrawn status Lost status Source of classification or shelving scheme Damaged status Not for loan Home library Current library Date acquired Total Checkouts Total Renewals Full call number Barcode Checked out Date last seen Date checked out Price effective from Koha item type
          Logos International School Logos International School 10/02/2025 14 1 J GRAPHIX PIL 041764 04/28/2026 04/20/2026 04/20/2026 10/02/2025 Book

For any Logos Library related questions please contact Miss Art at swongnarasuk@asianhope.org.

For any Asian Hope Library related questions please contact Miss Raza at graza@asianhope.org.

Powered by Koha